• 首页
  • 本馆介绍
  • 公告通知
  • 最新文献
  • 馆藏检索
  • 电子资源
  • 读者导购
  • 参考咨询
  • 我的图书馆
  • 登录
  • 详细信息显示
  • 放入我的书架
  • 预约/预借图书
  • 作者相关作品
  • 分类相关作品
  • 丛书相关作品
  • 出版社相关作品

书目信息

  • 表格格式
  • 工作单格式
  • 卡片格式
题名:
故训材料的鉴别与应用
    
 
作者: 朱承平 著
分册:  
出版信息: 广州   暨南大学出版社  2001
页数: 618页
开本: 20cm
丛书名:
单 册:
中图分类: H121
科图分类:
主题词: 汉字:古文字
电子资源:
ISBN: 7-81029-980-8
000 00561nam0 2200193 450
001 0529647859
005 20050920081813.87
010    @a7-81029-980-8@dCNY39.80
100    @a20050920d2001 km y0chiy0120 ea
101 0  @achi
102    @aCN@b440000
200 1  @a故训材料的鉴别与应用@Agu xun cai liao de jian bie yu ying yong@f朱承平著@Fzhu cheng ping zhu
210    @a广州@c暨南大学出版社@d2001
215    @a618页@d20cm
606 0  @a汉字:古文字
690    @aH121@v4
701  0 @a朱承平@Azhu cheng ping@4著
801  0 @aCN@bPFT@c20050920
905    @a10447@dH121@e104
    
    故训材料的鉴别与应用/朱承平著.-广州:暨南大学出版社,2001
    618页;20cm
    
    
    ISBN 7-81029-980-8:CNY39.80
    
●
相关链接 在E读中查询图书 在五车中查询图书 在当当中查询图书 在豆瓣中查询图书


正题名:故训材料的鉴别与应用     索取号:H121/104         预约/预借

序号 登录号 条形码 馆藏地/架位号 状态 备注
1 0362041   203620411   第二样本阅览室/ [索取号:H121/104] 在馆    
2 0362042   203620420   第四借阅区/ [索取号:H121/104] 在馆    
3 0362043   203620439   第四借阅区/ [索取号:H121/104] 在馆    
4 0362044   203620448   第四借阅区/ [索取号:H121/104] 在馆    
5 0362045   203620457   第四借阅区/ [索取号:H121/104] 在馆    
6 0362046   203620466   第四借阅区/ [索取号:H121/104] 在馆    
7 0362047   203620475   第四借阅区/ [索取号:H121/104] 在馆    
8 0362048   203620484   第四借阅区/ [索取号:H121/104] 在馆    
唐山师范学院图书馆 欢迎您!
大连网信软件有限公司© 版权所有